Текст томруулах:    
Contemporary advertising (Бичлэгийн дугаар. 146094)
000 -УДИРДЛАГА
Удирдлага 03081nam a22005777a 4500
003 - ХЯНАЛТЫН ТОО ТОДОРХОЙЛОГЧ
Код MN-UlNUM
005 - БИЧИЛТ ХИЙСЭН ОГНОО
Тухайн бичилтийг бичсэн засварласан сүүлийн огноо 20260106120129.0
008 - ЕРӨНХИЙ МЭДЭЭЛЭЛ
Ерөнхий мэдээлэл 120804s2008 mauab b 001 0 eng
020 ## - ISBN
ISBN 9780073529912
-- 0073529915
040 ## - БИЧЛЭГ ҮҮСГЭГЧ БАЙГУУЛЛАГА
Бичлэг үүсгэгч номын сангийн код МУИС-ийн номын сан
084 ## - ББК АНГИЛАЛ
Нэмэлт тусгалт Сурах бичиг
ББК ангилал 65.290-2+76.006.5
Зохиогчийн гурван тэмдэгт A 73
Мэдлэгийн ялгаа 65 - Эдийн засаг
100 1# - ЗОХИОГЧ
Зохиогчийн нэр Arens, William F.
240 10 - Шифр - Номын наалт, тайланд хэрэглэх
Ангилалын дугаар /Зохиогчийн 3 тэмдэгт 65.290-2+76.006.5 A 73
245 10 - ҮНДСЭН ГАРЧИГ
Номын нэр Contemporary advertising
Оролцогчдын тухай мэдээ William F. Arens, Michael F. Weigold, Christian Arens
250 ## - ДАХИН ХЭВЛЭЛТ
Дахин гаралтын дугаар 11th ed.
260 ## - ГАРАЛТЫН МЭДЭЭ
Хэвлэгдсэн газар Boston
Хэвлэлийн газар McGraw-Hill Irwin
Хэвлэгдсэн он 2008
300 ## - МАТЕРИАЛЫН ТОДОРХОЙЛОЛТ
хуудасны тоо xl, 712 p.
Бусад тоон мэдээлэл col. ill., col. map
Хэмжээ 29 cm
500 ## - Тайлбар
Дансны дугаар БС 5965-5966, 6035-6037
505 ## - Агуулгын тэмдэглэгээ
Агуулгын тэмдэглэгээ Contemporary Advertising, 10/e, is one of the best-selling advertising texts in this field. Known as the “coffee table book” for Advertising, it is known for its current examples, the author’s ability to pull from real-world experiences, and the clear writing style. Taking a comprehensive view of the industry, this text presents advertising from the creative stand-point and Arens draws from his own industry experience to lend life to the examples. Author Bill Arens continues to address the importance of Integrated Marketing Communications (IMC) in the field of Advertising and how it impacts advertising strategy through featured examples of IMC campaigns.
546 ## - ХЭЛНИЙ ТУХАЙ МЭДЭЭ
Хэл Англи хэл дээр,
653 ## - Түлхүүр үг
Түлхүүр үг advertising
653 ## - Түлхүүр үг
Түлхүүр үг marketing
653 ## - Түлхүүр үг
Түлхүүр үг product marketing
653 ## - Түлхүүр үг
Түлхүүр үг commercial
740 ## - НОМЫН ГАРЧИГ
Гарчиг Advertising Perspectives
740 ## - НОМЫН ГАРЧИГ
Гарчиг What Is Advertising Today?
740 ## - НОМЫН ГАРЧИГ
Гарчиг The Evolution of Advertising
740 ## - НОМЫН ГАРЧИГ
Гарчиг The Economic, Social, and Regulatory Aspects of Advertising
740 ## - НОМЫН ГАРЧИГ
Гарчиг The Scope of Advertising: From Local to Global
740 ## - НОМЫН ГАРЧИГ
Гарчиг Crafting Marketing and Advertising Strategies
740 ## - НОМЫН ГАРЧИГ
Гарчиг Marketing and Consumer Behavior: The Foundations of Advertising
740 ## - НОМЫН ГАРЧИГ
Гарчиг Market Segmentation and the Marketing Mix: Determinants of Advertising Strategy
740 ## - НОМЫН ГАРЧИГ
Гарчиг Research: Gathering Information for Advertising Planning
740 ## - НОМЫН ГАРЧИГ
Гарчиг Marketing and Advertising Planning: Top-Down, Bottom-Up, and IMC
740 ## - НОМЫН ГАРЧИГ
Гарчиг Planning Media Strategy: Finding Links to the Market
740 ## - НОМЫН ГАРЧИГ
Гарчиг Integrating Advertising with Other Elements of the Communications Mix
740 ## - НОМЫН ГАРЧИГ
Гарчиг Relationship Building: Direct Marketing, Personal Selling, and Sales Promotion
740 ## - НОМЫН ГАРЧИГ
Гарчиг Relationship Building: Public Relations, Sponsorship, and Corporate Advertising
740 ## - НОМЫН ГАРЧИГ
Гарчиг Creating Advertisements and Commercials
740 ## - НОМЫН ГАРЧИГ
Гарчиг Creative Strategy and the Creative Process
740 ## - НОМЫН ГАРЧИГ
Гарчиг Creative Execution: Art and Copy
740 ## - НОМЫН ГАРЧИГ
Гарчиг Producing Ads for Print, Electronic, and Digital Media
740 ## - НОМЫН ГАРЧИГ
Гарчиг Using Advertising Media
740 ## - НОМЫН ГАРЧИГ
Гарчиг Using Print Media
740 ## - НОМЫН ГАРЧИГ
Гарчиг Using Electronic Media: Television and Radio
740 ## - НОМЫН ГАРЧИГ
Гарчиг Using Digital Interactive Media and Direct Mail
740 ## - НОМЫН ГАРЧИГ
Гарчиг Using Out-of-Home, Exhibitive, and Supplementary Media
942 ## - ЭЛЕМЕНТИЙН ТӨРӨЛ
Зүйлийн төрөл Ном